000
00439nam a22001457a 4500
020
_a
9788131773444
082
_a
150
100
_a
Robert A. Baran et al
245
_a
Psychology
250
_a
5th ed
260
_a
New Delhi
_b
Pearson
_c
2014.
300
_a
649p
942
_c
BK
999
_c
2852
_d
2852